Tài liệu luyên thi IELTS = IELTS pratice now : Practice in listening, reading, writing and speaking for the IELTS test /
保存先:
| 第一著者: | |
|---|---|
| その他の著者: | , , |
| フォーマット: | Sách giấy |
| 言語: | Vietnamese |
| 出版事項: |
Tp. HCM :
Nxb. Tp. HCM,
2002
|
| タグ: |
タグ追加
タグなし, このレコードへの初めてのタグを付けませんか!
|
| Thư viện lưu trữ: | Thư viện Trường Đại học Đà Lạt |
|---|
| LEADER | 00919nam a2200313 4500 | ||
|---|---|---|---|
| 001 | DLU030021708 | ||
| 003 | ##DLU | ||
| 005 | ##20021230 | ||
| 008 | ##021230t vn z000 vie d | ||
| 040 | # | # | |a DLU |b vie |
| 041 | # | # | |a vie |
| 044 | # | # | |a vn |
| 082 | # | # | |a 428.007 6 |b GI-C |
| 100 | # | # | |a Gibson, Carol |
| 245 | # | # | |a Tài liệu luyên thi IELTS = |b IELTS pratice now : Practice in listening, reading, writing and speaking for the IELTS test / |c Carol Gibson, ... [và những người khác]; Lê Huy Tâm dịch và chú giải |
| 260 | # | # | |a Tp. HCM : |b Nxb. Tp. HCM, |c 2002 |
| 300 | # | # | |a 236 tr. ; |c 21 cm |
| 700 | # | # | |a Lê Huy Tâm |e Dịch và chú giải |
| 700 | # | # | |a Rusek, Eanda |
| 700 | # | # | |a Swan, Anne |
| 992 | # | # | |a 30000 |
| 994 | # | # | |a DLU |
| 900 | # | # | |a True |
| 911 | # | # | |a Phan Ngọc Đông |
| 925 | # | # | |a G |
| 926 | # | # | |a A |
| 927 | # | # | |a SH |
| 980 | # | # | |a Thư viện Trường Đại học Đà Lạt |